El Ingenioso Hidalgo Don Quixote de la Mancha (Record no. 2481)

MARC details
000 -CABECERA
campo de control de longitud fija 02623nam a2200301 a 4500
001 - NÚMERO DE CONTROL
campo de control BRCA_2741
005 - FECHA Y HORA DE LA ÚLTIMA TRANSACCIÓN
campo de control 20190320203940.0
008 - DATOS DE LONGITUD FIJA--INFORMACIÓN GENERAL
campo de control de longitud fija 041208s1898----enk#---###---#000-0#spa-u
041 ## - CÓDIGO DE LENGUA
Código de lengua del texto/banda sonora o título independiente spa
044 ## - CÓDIGO DEL PAÍS DE LA ENTIDAD EDITORA/PRODUCTORA
Código MARC del país enk
084 ## - OTRO NÚMERO DE CLASIFICACIÓN
Número de clasificación 236
Número de documento/Ítem .C667
-- 1898
100 1# - ENTRADA PRINCIPAL--NOMBRE DE PERSONA
Nombre de persona Cervantes Saavedra, Miguel de
Fechas asociadas al nombre 1547-1616
9 (RLIN) 213
245 10 - MENCIÓN DE TÍTULO
Título El Ingenioso Hidalgo Don Quixote de la Mancha
Mención de responsabilidad, etc. compuesto por Miguel de Cervantes Saavedra.
260 ## - PUBLICACIÓN, DISTRIBUCIÓN, ETC.
Lugar de publicación, distribución, etc. Edimburgo : Londres
Nombre del editor, distribuidor, etc. Constable
Fecha de publicación, distribución, etc. 1898
300 ## - DESCRIPCIÓN FÍSICA
Extensión 2 v.
Dimensiones 29 cm.
500 ## - NOTA GENERAL
Nota general Contenido : v 1. Primera parte. Dedicatoria al Sr. Hernesto Henley. Introducción por Fitzmaurice Kelly y J. Ormsby. Tabla de la relación entre las principales ediciones de la primera parte de D. Quijote. Dedicatoria del autor. Prólogo del autor. Versos preliminares. Texto. -- v 2. Segunda parte. Dedicatoria del autor. Prólogo del autor. Texto
500 ## - NOTA GENERAL
Nota general Valiosa edición publicada y comentada por los notables cervantistas ingleses, J. Fritzmaurice-Kelly y J. Ormsby. Es una de las primeras impresiones del texto restituido por dichos hispanistas quienes, además de tomar por base el texto de la edición príncipe, cotejaron las siguientes: segunda y tercera de Cuesta (1605 y 1608), Valencia de 1605, Bruselas de 1607, Madrid de 1637, 1647, 1652 y 1668, a diferencia de la casi totalidad de las ediciones anteriores, incluso las de la Academia, que habían tomado por modelo la segunda de Cuesta confundiéndola con la primera. Sostenían, además, con argumentos de peso, que Cervantes no corrigió la tercera edición de Cuesta (1608), como se pensaba generalmante. Pero, tuvieron el desatino de suprimir el episodio del robo del rucio. De todos modos, esta edición es de notable valor literario. La elogiaron: J. Valera, M. Menéndez y Pelayo, Fouché-Del-bosc quien afirmaba que los dos ingleses han restituido verdaderamente el texto de Don Quijote y que ninguna reimpresión podrá, en lo adelante, prescindir de la de los Sres. Fitzmaurice-Kelly y Ormsby. En la parte tipográfica campea el buen gusto: papel superior, grandes márgenes, tipos finos y claros. Tela Lúdovik Osterc
500 ## - NOTA GENERAL
Nota general Incluye índice : De materias
650 14 - PUNTO DE ACCESO ADICIONAL DE MATERIA--TÉRMINO DE MATERIA
Término de materia o nombre geográfico como elemento de entrada Novela española
Subdivisión cronológica Época clásica, 1500-1700
9 (RLIN) 215
650 14 - PUNTO DE ACCESO ADICIONAL DE MATERIA--TÉRMINO DE MATERIA
Término de materia o nombre geográfico como elemento de entrada Literatura española
Subdivisión cronológica Época clásica, 1500-1700
9 (RLIN) 216
650 14 - PUNTO DE ACCESO ADICIONAL DE MATERIA--TÉRMINO DE MATERIA
Término de materia o nombre geográfico como elemento de entrada Novela española
Subdivisión cronológica Siglo XVII
9 (RLIN) 217
650 14 - PUNTO DE ACCESO ADICIONAL DE MATERIA--TÉRMINO DE MATERIA
Término de materia o nombre geográfico como elemento de entrada Don Quijote (Personaje ficticio)
Término indicativo de función/relación Novela
9 (RLIN) 218
700 1# - PUNTO DE ACCESO ADICIONAL--NOMBRE DE PERSONA
Nombre de persona Fitzmaurice-Kelly, James
Fechas asociadas al nombre 1858-1923
Término indicativo de función/relación Anotador
9 (RLIN) 7722
700 1# - PUNTO DE ACCESO ADICIONAL--NOMBRE DE PERSONA
Nombre de persona Ormsby, John
Fechas asociadas al nombre 1829-1895
Término indicativo de función/relación Anotador
9 (RLIN) 7723
740 0# - PUNTO DE ACCESO ADICIONAL--TÍTULO RELACIONADO O ANALÍTICO NO CONTROLADO
Título relacionado o analítico no controlado El Ingenioso Hidalgo Don Quijote de la Mancha
902 ## - CATALOGADOR
Iniciales QFM
942 ## - ELEMENTOS DE PUNTO DE ACCESO ADICIONAL (KOHA)
Fuente del sistema de clasificación o colocación Library of Congress Classification
Tipo de ítem Koha Libros
Holdings
Estado de retiro Estado de pérdida Estado dañado No para préstamo Localización permanente Ubicación/localización actual Fecha de adquisición Total de préstamos Signatura topográfica completa Código de barras Fecha visto por última vez Precio válido a partir de Tipo de ítem Koha
El ejemplar forma parte de la colección y puede ser consultado según las políticas vigentes.       Biblioteca del Museo Franz Mayer (Rogerio Casas-Alatriste) Biblioteca del Museo Franz Mayer (Rogerio Casas-Alatriste) 04/12/2008   236 .C667 1898 2738 22/03/2019 22/03/2019 Libros